| 000 | 00461nam a22001217a 4500 | ||
|---|---|---|---|
| 005 | 20250917121347.0 | ||
| 100 | _aRay, C | ||
| 245 | _aConveyor Belts: A Sustainable Solution To Industries | ||
| 260 |
_bInternational Rubber Conference-rubber Con 2024: Sustainable Development In Rubber Industry-challenges And Opportunities, 5-7 December 2024, Indian Rubber Institute, Kochi, India, P. 12. _c2024 |
||
| 650 | _aConveyor Belts | ||
| 700 | _aMakar, V. | ||
| 942 | _cJS | ||
| 999 |
_c75574 _d75574 |
||